<?xml version="1.0" encoding="UTF-8"?>
<record
    xmlns:xsi="http://www.w3.org/2001/XMLSchema-instance"
    xsi:schemaLocation="http://www.loc.gov/MARC21/slim http://www.loc.gov/standards/marcxml/schema/MARC21slim.xsd"
    xmlns="http://www.loc.gov/MARC21/slim">

  <leader>00807cam a22002531  4500</leader>
  <controlfield tag="001">c  61001784 </controlfield>
  <controlfield tag="003">DLC</controlfield>
  <controlfield tag="005">20260227111033.0</controlfield>
  <controlfield tag="008">040409s1961    cc            000 0 chi  </controlfield>
  <datafield tag="010" ind1=" " ind2=" ">
    <subfield code="a">c  61001784 </subfield>
  </datafield>
  <datafield tag="035" ind1=" " ind2=" ">
    <subfield code="a">(CStRLIN)DCLP04-B6495</subfield>
  </datafield>
  <datafield tag="040" ind1=" " ind2=" ">
    <subfield code="a">DLC</subfield>
    <subfield code="c">MiU</subfield>
    <subfield code="d">MoSW</subfield>
    <subfield code="d">NIC</subfield>
    <subfield code="d">CStRLIN</subfield>
    <subfield code="d">NIC</subfield>
    <subfield code="d">DLC-R</subfield>
    <subfield code="d">DLC</subfield>
  </datafield>
  <datafield tag="050" ind1="0" ind2="0">
    <subfield code="a">PL2862.U25</subfield>
    <subfield code="b">I2</subfield>
  </datafield>
  <datafield tag="066" ind1=" " ind2=" ">
    <subfield code="c">$1</subfield>
  </datafield>
  <datafield tag="100" ind1="1" ind2=" ">
    <subfield code="6">880-01</subfield>
    <subfield code="a">Xu, Su,</subfield>
    <subfield code="d">1924-1981.</subfield>
  </datafield>
  <datafield tag="245" ind1="1" ind2="0">
    <subfield code="6">880-02</subfield>
    <subfield code="a">Yi de ji,</subfield>
    <subfield code="c">Xu Su zhu.</subfield>
  </datafield>
  <datafield tag="260" ind1=" " ind2=" ">
    <subfield code="6">880-03</subfield>
    <subfield code="a">Jiulong,</subfield>
    <subfield code="b">Gao yuan chu ban she,</subfield>
    <subfield code="c">1961.</subfield>
  </datafield>
  <datafield tag="300" ind1=" " ind2=" ">
    <subfield code="a">198 p.</subfield>
    <subfield code="c">19 cm.</subfield>
  </datafield>
  <datafield tag="440" ind1=" " ind2="0">
    <subfield code="6">880-04</subfield>
    <subfield code="a">Zhongguo dang dai wen yi cong shu</subfield>
  </datafield>
  <datafield tag="880" ind1="1" ind2=" ">
    <subfield code="6">100-01/$1</subfield>
    <subfield code="a">&#x5F90;&#x901F;,</subfield>
    <subfield code="d">1924-1981.</subfield>
  </datafield>
  <datafield tag="880" ind1="1" ind2="0">
    <subfield code="6">245-02/$1</subfield>
    <subfield code="a">&#x4E00;&#x5F97;&#x96C6;</subfield>
    <subfield code="c">&#x5F90;&#x901F;&#x8457;.</subfield>
  </datafield>
  <datafield tag="880" ind1=" " ind2=" ">
    <subfield code="6">260-03/$1</subfield>
    <subfield code="a">&#x4E5D;&#x9F8D;,</subfield>
    <subfield code="b">&#x9AD8;&#x539F;&#x51FA;&#x7248;&#x793E;,</subfield>
    <subfield code="c">1961.</subfield>
  </datafield>
  <datafield tag="880" ind1=" " ind2="0">
    <subfield code="6">440-04/$1</subfield>
    <subfield code="a">&#x4E2D;&#x570B;&#x7576;&#x4EE3;&#x6587;&#x85DD;&#x53E2;&#x66F8;</subfield>
  </datafield>
  <datafield tag="999" ind1=" " ind2=" ">
    <subfield code="c">12739</subfield>
    <subfield code="d">12739</subfield>
  </datafield>
</record>
